Statistics for Egyptian Gods

Click here to take the quiz!

General Stats

  • This quiz has been taken 173 times
  • The average score is 11 of 19

Answer Stats

God ofAnswer% Correct
Fertility of Plants, The UnderworldOsiris
90%
The SunRa
89%
MummificationAnubis
77%
Sky and FalconsHorus
75%
The EarthGeb
74%
Writing, Knowledge, The MoonThoth
70%
Cats, Protection of Wheat, Protection from diseaseBastet
69%
MagicIsis
68%
The SkyNut
66%
Chaos, Desert, StormsSeth
58%
The AirShu
55%
Love and JoyHathor
51%
CraftspeoplePtah
49%
Truth, Justice, Harmony, OrderMa'at
48%
Childbirth, HippopotamiTawaret
44%
War and VengeanceSekhmet
35%
MoistureTefnut
28%
Babies and FamilyBes
22%
The NileHapy
18%

Score Distribution

Percentile by Number Answered

Percent of People with Each Score

Your Score History

You have not taken this quiz